Il diritto privato fra codice e Costituzione

Saved in:
Bibliografiske detaljer
Hovedforfatter: Galgano, Francesco (Author)
Format: Bog
Sprog:italiensk
Udgivet: Bolonia Nicola Zanichelli 1979
Serier:Diritto e Istituzioni, 4
Fag:
Tags: Tilføj Tag
Ingen Tags, Vær først til at tagge denne postø!

MARC

LEADER 00000nam a2200000 a 4500
001 UCR2712
003 CL-VaPUC
008 980116e19790000IT |||||||||||||||||ita|d
082 0 4 |a 346.45  |b GAL  |2 21 
100 |a Galgano, Francesco  |e author  |9 596035 
245 1 3 |a Il diritto privato fra codice e Costituzione 
300 |a 148 p 
942 |c BK 
945 |d 19980116 00:00:00  |a cmena 
260 |a Bolonia  |b Nicola Zanichelli  |c 1979 
650 0 |a Derecho privado  |9 258243 
650 0 |a Código civil  |9 256135 
650 7 |a LEGISLACION  |2 CL-VaPUC  |9 401007 
650 0 |a Derecho italiano  |9 385337 
650 0 |a Estado y derecho  |9 255403 
650 7 |a PODER PUBLICO  |2 CL-VaPUC  |9 391540 
650 7 |a FUENTES  |2 CL-VaPUC  |9 255666 
650 0 |a Constituciones  |9 255417 
650 0 |a Negocio jurídico  |9 258242 
650 0 |a Personas jurídicas  |9 257259 
650 0 |a Libertad  |9 255686 
650 7 |a ECONOMIA PUBLICA  |2 CL-VaPUC  |9 401008 
651 0 |a Italia  |9 254949 
583 |a last modification  |c 19980116 00:00:00  |k Rodrigo Vera 
490 0 |a Diritto e Istituzioni, 4 
999 |c 265844  |d 265842 
952 |0 0  |1 0  |4 0  |6 346_450000000000000_GAL_1979  |7 0  |8 DER_HIS  |9 296958  |a BIBDER  |b BIBDER  |d 2019-11-20  |i 1935518  |o 346.45 GAL 1979  |p 1935518  |r 2023-01-25  |w 2019-11-20  |x Ubicación 4to Piso  |y BK  |z Estos recursos deben solicitarse con anticipación  |k DER